Tilastot visalle Pikselöityjä lippuja

Klikkaa tästä pelataksesi tätä visaa!

Yleistilastot

  • Tätä visaa on pelattu 411 kertaa
  • Keskiarvotulos 12 / 15

Vastaustilastot

LippuValtio% Oikein
Kanada
99%
Japani
97%
Yhdistynyt kuningaskunta
96%
Islanti
96%
Kiina
95%
Australia
92%
Kypros
82%
Pohjois-Makedonia
81%
Etelä-Afrikka
80%
Nepal
80%
Georgia
78%
Tansania
55%
Bahrain
53%
Kuwait
47%
Malediivit
38%

Tulosjakauma

Persentiili vastausten määrän mukaan

Jokaisen tuloksen saaneiden osuus

Tuloshistoriasi

Et ole pelannut tätä visaa